000 00225nam a22000857a 4500
008 160719b xxu||||| |||| 00| 0 eng d
100 _93065
_a Narayan, R.K
245 _aSwami and Friends
260 _aChennai
_bIndian Thoughts
_c1935
999 _c2628
_d2628